Największe miasta zaczynające się na literę D - Statystyki

Ogólne statystyki
  • Ten quiz został rozwiązany 290 razy
    243 od ostatniego zresetowania
  • Średni wynik to 9 z 16
Statystyki odpowiedzi
Państwo Populacja Miasto % Poprawnych
Indie 34,6 mln Delhi
92%
Syria 3,88 mln Damaszek
90%
Zjednoczone Emiraty Arabskie 5,95 mln Dubaj
90%
Indonezja 29,2 mln Dżakarta
85%
Senegal 3,93 mln Dakar
83%
Katar 2,60 mln Doha
76%
Bangladesz 22,5 mln Dhaka
72%
Stany Zjednoczone 7,65 mln Dallas
69%
Stany Zjednoczone 3,85 mln Denver
69%
Stany Zjednoczone 5,75 mln Detroit
64%
Republika Południowej Afryki 3,85 mln Durban
38%
Tanzania 6,25 mln Dar es Salaam
36%
Korea Południowa 2,73 mln Daegu
19%
Kamerun 3,78 mln Duala
11%
Chiny 5,30 mln Dalian
10%
Arabia Saudyjska 2,83 mln Dammam
4%
Nie znaleziono quizów pasujących do podanych kryteriów
Rozkład punktacji
Procent ludzi z każdym wynikiem
Percentyl według liczby udzielonych odpowiedzi
Twoja historia wyników
Nie rozwiązałeś tego quizu od ostatniego zresetowania